| 000 | 00977cam a22002775a 4500 | ||
|---|---|---|---|
| 001 | 016683836 | ||
| 003 | OSt | ||
| 005 | 20151102123428.0 | ||
| 008 | 140220t2015 paua fr b 001 0 eng d | ||
| 020 | _a9781451188301 (pbk.) | ||
| 020 | _a1451188307 | ||
| 040 |
_aStDuBDS _beng _cStDuBDS _dUk _dEG-ScBUE _dEG-ScBUE |
||
| 082 | 0 | 4 |
_a611.0076 _bZHA _222 |
| 100 | 1 |
_aZhang, Guiyun. _938633 |
|
| 245 | 1 | 0 |
_aLippincott's illustrated Q & A review of histology : _billustrated interactive Q & A / _cGuiyun Zhang, Bruce A. Fenderson. |
| 246 | 3 | 0 | _aIllustrated Q and A review of histology |
| 260 |
_aPhiladelphia : _bWolters Kluwer Health, _cc.2015. |
||
| 300 |
_axi, 348 p. : _bill. (col.) ; _c28 cm. |
||
| 500 | _aIndex : p. 343-348. | ||
| 504 | _aIncludes bibliographical references. | ||
| 650 | 0 |
_aHistology _vExaminations, questions, etc. _2BUEsh |
|
| 651 | _2BUEsh | ||
| 653 |
_bPPhrm _cJune2015 _cNovember2015 |
||
| 700 | 1 | _aFenderson, Bruce A. | |
| 942 |
_2ddc _k611.0076 ZHA |
||
| 999 |
_c20104 _d20076 |
||